Sao Paulo hears the gospel / (Record no. 6141)
[ view plain ]
| 000 -LEADER | |
|---|---|
| fixed length control field | 00932cam a22002891a 4500 |
| 001 - CONTROL NUMBER | |
| control field | 7992626 |
| 003 - CONTROL NUMBER IDENTIFIER | |
| control field | GBCCL |
| 005 - DATE AND TIME OF LATEST TRANSACTION | |
| control field | 20241126110557.0 |
| 008 - FIXED-LENGTH DATA ELEMENTS--GENERAL INFORMATION | |
| fixed length control field | 900316s1965 tnuabf 000 0 eng |
| 010 ## - | |
| -- | 65013181 |
| 035 ## - SYSTEM CONTROL NUMBER | |
| System control number | (OCoLC)21224998 |
| 040 ## - CATALOGING SOURCE | |
| Original cataloging agency | DLC |
| Transcribing agency | ViRSBF |
| Modifying agency | DLC |
| 042 ## - | |
| -- | premarc |
| 043 ## - | |
| -- | s-bl--- |
| 050 00 - | |
| -- | BV2853.B6 |
| -- | W5 |
| 082 ## - DEWEY DECIMAL CLASSIFICATION NUMBER | |
| Classification number | 266 |
| Item number | WIS |
| 100 1# - MAIN ENTRY--PERSONAL NAME | |
| Personal name | Wise, Gene H. |
| 9 (RLIN) | 11043 |
| 245 10 - TITLE STATEMENT | |
| Title | Sao Paulo hears the gospel / |
| Statement of responsibility, etc. | Gene H. Wise |
| 260 ## - PUBLICATION, DISTRIBUTION, ETC. | |
| Place of publication, distribution, etc. | Nashville, Tenn. : |
| Name of publisher, distributor, etc. | Convention Press, |
| Date of publication, distribution, etc. | c1965. |
| 300 ## - PHYSICAL DESCRIPTION | |
| Extent | 99 p.; |
| Other physical details | ill., map ; |
| Dimensions | 18 cm. |
| 440 #0 - SERIES STATEMENT/ADDED ENTRY--TITLE | |
| Title | Foreign mission graded series. |
| Name of part/section of a work | Young people ; |
| Volume/sequential designation | 1965 |
| 9 (RLIN) | 11044 |
| 500 ## - GENERAL NOTE | |
| General note | "A publication of the Foreign Mission Board, Richmond, Virginia." |
| 650 ## - SUBJECT ADDED ENTRY--TOPICAL TERM | |
| Topical term or geographic name entry element | Southern Baptist Convention |
| Form subdivision | Missions |
| Geographic subdivision | Brazil |
| -- | Sao Paulo |
| 9 (RLIN) | 11045 |
| 650 ## - SUBJECT ADDED ENTRY--TOPICAL TERM | |
| Topical term or geographic name entry element | Missions |
| General subdivision | Baptist |
| 9 (RLIN) | 11046 |
| 906 ## - LOCAL DATA ELEMENT F, LDF (RLIN) | |
| a | 7 |
| b | cbc |
| c | oclcrpl |
| d | u |
| e | ncip |
| f | 19 |
| g | y-gencatlg |
| 942 ## - ADDED ENTRY ELEMENTS (KOHA) | |
| Source of classification or shelving scheme | Dewey Decimal Classification |
| Koha item type | Books |
| Withdrawn status | Lost status | Source of classification or shelving scheme | Damaged status | Not for loan | Home library | Current Library | Shelving location | Date acquired | Total checkouts | Full call number | Barcode | Date last seen | Copy number | Price effective from | Koha item type |
|---|---|---|---|---|---|---|---|---|---|---|---|---|---|---|---|
| Dewey Decimal Classification | GRACE BIBLE COLLEGE | GRACE BIBLE COLLEGE | Ministry & Mission | 2018-05-02 | 266 WIS | 009548 | 2025-05-01 | c.1 | 2018-05-02 | Books |